Statistics for ALL BATTLEFIELD GAMES

Click here to take the quiz!

General Stats

  • This quiz has been taken 229 times
    (212 since last reset)
  • The average score is 9 of 11

Answer Stats

Year Answer % Correct
2016Battlefield 1
100%
2013Battlefield 4
100%
2011Battlefield 3
99%
2005Battlefield 2
96%
2015Battlefield Hardline
91%
2008Battlefield bad company
85%
2010Battlefield Bad Company 2
83%
2002Battlefield 1942
78%
2009Battlefield 1943
67%
2006Battlefield 2142
57%
2004Battlefield Vietnam
53%

Score Distribution

Percentile by Number Answered

Percent of People with Each Score

Your Score History

You have not taken this quiz since the last reset